书目信息 |
| 题名: |
建设卓越学校
|
|
| 作者: | 张延明 编著 | |
| 分册: | ||
| 出版信息: | 北京 北京大学出版社 2008.10 |
|
| 页数: | 645页 | |
| 开本: | 24cm | |
| 丛书名: | ||
| 单 册: | ||
| 中图分类: | G47 | |
| 科图分类: | ||
| 主题词: | 学校管理--xue xiao guan li--研究 | |
| 电子资源: | ||
| ISBN: | 978-7-301-14296-7 | |
| 000 | 01294nam0 2200265 450 | |
| 001 | 012009748045 | |
| 005 | 20090820144051.60 | |
| 010 | @a978-7-301-14296-7@dCNY98.00 | |
| 100 | @a20090820d2008 em y0chiy0120 ea | |
| 101 | 0 | @achi |
| 102 | @aCN@b110000 | |
| 105 | @ak z 000yy | |
| 106 | @ar | |
| 200 | 1 | @a建设卓越学校@Ajian she zhuo yue xue xiao@e领导层·管理层·教师的职业发展@d= Building excellent schools@ea leadershio handbook for principals, heads of departemnet, and teachers@f张延明编著@Fzhang yan ming bian zhu@zeng |
| 205 | @a第2版 | |
| 210 | @a北京@c北京大学出版社@d2008.10 | |
| 215 | @a645页@d24cm | |
| 330 | @a本书展现了现代教育理论与教育实践的完美结合。此书可以引导学术领域的专业人士了解并学习现代的学校管理理论;指导教育领域的各级领导,尤其是校长们深入地理解卓越学校的动作和管理模式;帮助工作在教育第一线的教师更好地理解学校的管理,并对以后自身的发展提供指导和方向。 | |
| 510 | 1 | @aBuilding excellent schools@ea leadershio handbook for principals, heads of departemnet, and teachers@zeng |
| 517 | 1 | @a领导层·管理层·教师的职业发展@Aling dao ceng·guan li ceng·jiao shi de zhi ye fa zhan |
| 606 | 0 | @a学校管理@Axue xiao guan li@x研究 |
| 690 | @aG47@v4 | |
| 701 | 0 | @a张延明@Azhang yan ming@4编著 |
| 801 | 0 | @aCN@bQSSK@c20090820 |
| 905 | @b751387@dG47@eZ224@f1 | |
| 建设卓越学校:领导层·管理层·教师的职业发展= Building excellent schools:a leadershio handbook for principals, heads of departemnet, and teachers/张延明编著.-第2版.-北京:北京大学出版社,2008.10 |
| 645页;24cm |
| ISBN 978-7-301-14296-7:CNY98.00 |
| 本书展现了现代教育理论与教育实践的完美结合。此书可以引导学术领域的专业人士了解并学习现代的学校管理理论;指导教育领域的各级领导,尤其是校长们深入地理解卓越学校的动作和管理模式;帮助工作在教育第一线的教师更好地理解学校的管理,并对以后自身的发展提供指导和方向。 |
| ● |
| 相关链接 |
|
|
|
正题名:建设卓越学校
索取号:G47/Z224
 
预约/预借
| 序号 | 登录号 | 条形码 | 馆藏地/架位号 | 状态 | 备注 |
| 1 | 751387 | 207513877 | 社科库409/409社科库 4排2列4层/ [索取号:G47/Z224] | 在馆 |